All Janelle Monáe Songs - Statistics

General Stats
  • This quiz has been taken 42 times
    27 since last reset
  • The average score is 32 of 95
Answer Stats
Album Song % Correct
Dirty Computer Dirty Computer
79%
The Age of Pleasure Lipstick Lover
79%
Dirty Computer Make Me Feel
79%
Dirty Computer Pynk
79%
Dirty Computer Crazy, Classic, Life
68%
The Electric Lady Electric Lady
68%
The Age of Pleasure Float
68%
Dirty Computer I Like That
68%
The ArchAndroid Tightrope
68%
Dirty Computer Django Jane
63%
Dirty Computer Screwed
63%
The Age of Pleasure Champagne Sh*t
58%
The Electric Lady Q.U.E.E.N.
58%
Dirty Computer Take a Byte
58%
Dirty Computer Americans
53%
The ArchAndroid Cold War
53%
The Age of Pleasure Phenomenal
53%
The Electric Lady PrimeTime
53%
The Age of Pleasure Water Slide
53%
Wondaland Presents: The Eephus Yoga
53%
The ArchAndroid Dance or Die
47%
Dirty Computer Don't Judge Me
47%
The ArchAndroid Faster
47%
The Age of Pleasure Only Have Eyes 42
47%
The Age of Pleasure Black Sugar Beach
42%
The ArchAndroid Come Alive (The War of the Roses)
42%
The Electric Lady Dance Apocalyptic
42%
The Age of Pleasure Haute
42%
Dirty Computer I Got the Juice
42%
Dirty Computer Stevie's Dream
42%
The ArchAndroid Suite II Overture
42%
The Age of Pleasure The Rush
42%
The Age of Pleasure A Dry Red
37%
The ArchAndroid BabopbyeYa
37%
The Age of Pleasure Know Better
37%
The Audition Metropolis
37%
The ArchAndroid Neon Gumbo
37%
The Age of Pleasure Oooh La La
37%
The Age of Pleasure Paid in Pleasure
37%
Dirty Computer So Afraid
37%
The ArchAndroid Suite III Overture
37%
The Age of Pleasure The French 75
37%
The ArchAndroid Wondaland
37%
The Electric Lady Givin' Em What They Love
32%
The Electric Lady Good Morning Midnight (Interlude)
32%
Dirty Computer Jane's Dream
32%
The ArchAndroid Locked Inside
32%
The ArchAndroid Make the Bus
32%
Metropolis: The Chase Suite Many Moons
32%
The ArchAndroid Say You'll Go
32%
The Electric Lady We Were Rock & Roll
32%
The Electric Lady Ghetto Woman
26%
The ArchAndroid Mushrooms & Roses
26%
The ArchAndroid Neon Valley Street
26%
The Electric Lady Sally Ride
26%
Lady and the Tramp (Soundtrack) That's Enough
26%
Rio 2: Music from the Motion Picture What Is Love
26%
The ArchAndroid 57821
21%
Metropolis: The Chase Suite Cybertronic Purgatory
21%
The Electric Lady Dorothy Dandridge Eyes
21%
The Electric Lady Hell You Talmbout
21%
The Electric Lady It's Code
21%
The Electric Lady Look into My Eyes
21%
The ArchAndroid Oh, Maker
21%
The Electric Lady Our Favorite Fugitive (Interlude)
21%
The Electric Lady Suite IV Electric Overture
21%
The Electric Lady Suite V Electric Overture
21%
Metropolis: The Chase Suite The March of the Wolfmasters
21%
Metropolis: The Chase Suite Violet Stars Happy Hunting!!!
21%
The Electric Lady What an Experience
21%
The Electric Lady Can't Live Without Your Love
16%
The Audition Cindi
16%
Spotify Singles High Tide or Low Tide
16%
The Audition Lettin' Go
16%
Metropolis: The Chase Suite Mr. President
16%
Metropolis: The Chase Suite Sincerely, Jane
16%
Metropolis: The Chase Suite Smile
16%
The Electric Lady The Chrome Shoppe (Interlude)
16%
The Electric Lady Victory
16%
The Audition You
16%
The Audition Cloud 9
11%
Pepsi Beats of the Beautiful Game Heroes
11%
The Audition It's Not Fair
11%
The Electric Lady I Want You Back
11%
The Audition I Won't Let Go
11%
The Audition My Favorite Nothing
11%
The Audition Party Girl
11%
The ArchAndroid Sir Greenwood
11%
The Audition Star
11%
The Audition Thoughts (Intro)
11%
The Audition Time Will Reveal
11%
The Audition Warm Up (Cloud 9)
11%
The Audition You Are My Everything
11%
Single Open Happiness
5%
Promo Single Shape of Things to Come
5%
No matching quizzes found
Score Distribution
Percent of People with Each Score
Percentile by Number Answered
Your Score History
You have not taken this quiz since the last reset